000 00439nam a22001577a 4500
003 OSt
005 20171020190107.0
008 140126b xxu||||| |||| 00| 0 eng d
040 _aLDCLIB
_cLDCLIB
082 _222
_a341.33
_bCHI
245 _aChild Law :
_bessential court materials /
_c,John Mitchell.
260 _aBritain :
_bJordan Publishing Ltd.,
_c2010.
300 _axx,174 p. ;
_c30 cm.
700 _aMitchell, John.
942 _2ddc
_cBK
999 _c5843
_d5843